The philosophy of artificial intelligence
Збережено в:
| Автор: | |
|---|---|
| Формат: | Книга |
| Мова: | Англійська |
| Опубліковано: |
Nueva York
Oxford University
1990
|
| Серія: | Oxford Readings in Philosophy
|
| Предмети: | |
| Теги: |
Додати тег
Немає тегів, Будьте першим, хто поставить тег для цього запису!
|
MARC
| LEADER | 00000nam a2200000 a 4500 | ||
|---|---|---|---|
| 001 | UCO9531 | ||
| 003 | CL-VaPUC | ||
| 008 | 010302e19900000US |||||||||||||||||eng|d | ||
| 082 | 0 | 4 | |a 006.3 |b BOD |2 21 |
| 100 | |a Boden, Margaret |e author |9 326895 | ||
| 245 | 1 | 4 | |a The philosophy of artificial intelligence |
| 300 | |a 452 p | ||
| 942 | |c BK | ||
| 945 | |d 20010302 00:00:00 |a cmena | ||
| 260 | |a Nueva York |b Oxford University |c 1990 | ||
| 650 | 7 | |a INTELIGENCIA ARTIFICIAL |2 CL-VaPUC |9 454785 | |
| 650 | 7 | |a COMPUTACION |2 CL-VaPUC |9 350582 | |
| 650 | 0 | |a Filosofía de las ciencias |9 256466 | |
| 583 | |a last modification |c 20010302 00:00:00 |k Rodrigo Vera | ||
| 490 | 0 | |a Oxford Readings in Philosophy | |
| 999 | |c 293733 |d 293731 | ||
| 952 | |0 0 |1 0 |4 0 |6 006_300000000000000_BOD_1990 |7 0 |8 A |9 345439 |a FDOPOS |b FDOPOS |d 2019-11-20 |i 3684415 |o 006.3 BOD 1990 |p 3684415 |r 2025-01-22 |w 2019-11-20 |y BK |k MLA | ||